000 00914nam a2200289 a 4500
008
020 _a9781855781801 (paperback)
040 _aNUST
_cNUST
049 _aMAIN
090 _aQH607
_bESS
245 1 0 _aEssays in biochemistry
_b Chronobiology /
_c edited by Hugh D. Piggins and Clare Guilding.
260 _aLondon :
_bPortland Press Limited,
_c2011.
300 _axix, 1449 pages :
_billustrations ;
_c24 cm
336 _atext
_2rdacontent
337 _aunmediated
_2rdamedia
338 _avolume
_2rdacarrier
440 _aEssays in biochemistry
_vnumber 49
500 _aIncludes bibliographical references.
500 _aIncludes index
650 1 _achronobiology rhythms
700 _aClare Guilding
700 _aHugh D. Piggins
907 _a.b10400515
_b12-04-21
_c07-04-21
003
005 20230123141149.0
942 _cBOOKS
_kQH607
_mESS
999 _c168768
_d168768